Countries that Drive on the Left - Statistics

General Stats
  • This quiz has been taken 104 times
    90 since last reset
  • The average score is 44 of 54
Answer Stats
Country % Correct
United Kingdom
100%
Ireland
96%
Australia
93%
Japan
93%
Malaysia
93%
Fiji
91%
India
91%
New Zealand
91%
Thailand
91%
Bangladesh
89%
Indonesia
89%
Pakistan
87%
Barbados
85%
Botswana
83%
Lesotho
83%
Mozambique
83%
Namibia
83%
Papua New Guinea
83%
Singapore
83%
South Africa
83%
Trinidad and Tobago
83%
Antigua and Barbuda
80%
Bahamas
80%
Jamaica
80%
Kenya
80%
Nepal
80%
Sri Lanka
80%
Bhutan
78%
Kiribati
78%
Malta
78%
Saint Kitts and Nevis
78%
Samoa
78%
Tanzania
78%
Tonga
78%
Tuvalu
78%
Zambia
78%
Zimbabwe
78%
Eswatini
76%
Nauru
76%
Saint Lucia
76%
Saint Vincent and the Grenadines
76%
Solomon Islands
76%
Uganda
76%
Dominica
74%
Guyana
74%
Brunei
72%
Cyprus
72%
East Timor
72%
Malawi
72%
Maldives
72%
Mauritius
72%
Grenada
70%
Seychelles
70%
Suriname
67%
No matching quizzes found
Score Distribution
Percent of People with Each Score
Percentile by Number Answered
Your Score History
You have not taken this quiz since the last reset